Normal view
MARC view
- Katz , Bernard
Entry Personal Name
001 - CONTROL NUMBER
- control field: 133990
003 - CONTROL NUMBER IDENTIFIER
- control field: NUST
005 - DATE AND TIME OF LATEST TRANSACTION
- control field: 20260408125938.0
008 - FIXED-LENGTH DATA ELEMENTS
- fixed length control field: 260408|| aca||aabn | a|a d
040 ## - CATALOGING SOURCE
- Original cataloging agency: NUST
- Transcribing agency: NUST
100 ## - HEADING--PERSONAL NAME
- Personal name: Katz , Bernard
670 ## - SOURCE DATA FOUND
- Source citation: Work cat.: (NUST): Katz , Bernard., Nerve, Muscle and Synapse /, 1966.
